Statistics for Every Law and Order Character (not Trial by Jury)

Click here to take the quiz!

General Stats

  • This quiz has been taken 12 times
  • The average score is 31 of 55

Answer Stats

Show(s)SeasonsActor/ActressAnswer% Correct
L&O:SVU13-presentKelli GiddishAmanda Rollins
78%
L&O:SVU16-presentPeter ScanavinoDominick Carisi
78%
L&O, L&O: Special Victims UnitL&O: 1-3, SVU: 1-15Dann FlorekDonald Cragen
78%
L&O:SVU1-12Christopher MeloniElliot Stabler
78%
L&O5-20Sam WaterstonJack McCoy
78%
L&O:SVU7-12Tamara TunieMelinda Warner
78%
L&O:SVU1-presentMariska HargitayOlivia Benson
78%
L&O:SVU15-19Raul EsparzaRafael Barba
78%
L&O:SVU2-5, 11Stephanie MarchAlex Cabot
67%
L&O:SVU5-9Diane NealCasey Novak
67%
L&O:SVU9Adam BeachChester Lake
67%
L&O:SVU22-presentDemore BarnesChristian Garland
67%
L&O10-18Jesse L. MartinEd Green
67%
L&O:SVU2-presentIce-TFin Tutuola
67%
L&O:SVU4-12BD WongGeorge Huang
67%
L&O:SVU1-15Richard BelzerJohn Munch
67%
L&O:SVU21-presentJamie Gray HyderKat Tamin
67%
L&O3-14Jerry OrbachLennie Briscoe
67%
L&O:SVU1-2Michelle HurdMonique Jeffries
67%
L&O:SVU13-16Danny PinoNick Amaro
67%
L&O:SVU19-20Philip WinchesterPeter Stone
67%
L&O9-11Angie HarmonAbbie Carmichael
56%
L&O1-10Steven HillAdam Schiff
56%
L&O4-20S. Epatha MerkersonAnita Van Buren
56%
L&O13-17Fred Dalton ThompsonArthur Branch
56%
L&O1-4Michael MoriartyBen Stone
56%
L&O18-20Anthony AndersonKevin Bernard
56%
L&O:SVU10Michaela McManusKim Greylek
56%
L&O18-20Linus RoacheMichael Cutter
56%
L&O, L&O: Criminal IntentL&O: 1-5, CI: 5-7Chris NothMike Logan
56%
L&O11-12Dianne WiestNora Lewin
56%
L&O6-9Benjamin BrattRey Curtis
56%
L&O15-16Annie ParisseAlex Borgia
44%
L&O:CI1-10Kathryn ErbeAlex Eames
44%
L&O:CI5Annabella SciorraCarolyn Barek
44%
L&O4-6Jill HennessyClaire Kincaid
44%
L&O17-20Alana de la GarzaConnie Rubirosa
44%
L&O18-20Jeremy SistoCyrus Lupo
44%
L&O:CI6-9Eric BogosianDanny Ross
44%
L&O:CI1-5Jamey SheridanJames Deakins
44%
L&O7-8Carey LowellJamie Ross
44%
L&O15-16Dennis FarinaJoe Fontana
44%
Law & Order1George DzundzaMax Greevey
44%
L&O:CI6-8Julianne NicholsonMegan Wheeler
44%
L&O15Michael ImperioliNick Falco
44%
L&O17Milena GovichNina Cassidy
44%
L&O:CI7Alicia WittNola Falacci
44%
L&O1-3Richard BrooksPaul Robinette
44%
L&O2-3Paul SorvinoPhil Cerreta
44%
L&O:CI1-5Courtney B. VanceRon Carver
44%
L&O12-15Elizabeth RohmSerena Southerlyn
44%
L&O:CI9Saffron BurrowsSerena Stevens
44%
L&O:CI9Mary Elizabeth MastrantonioZoe Callas
44%
L&O:CI1-10Vincent D'OnofrioBobby Goren
33%
L&O:CI8-9Jeff GoldblumZack Nichols
33%

Score Distribution

Percentile by Number Answered

Percent of People with Each Score

Your Score History

You have not taken this quiz